LEADER 01363nam a2200289 a 4500 001 000000139477 003 CaOOAMICUS 005 20140725113150.0 008 140725s2014 vc u000 u ita r 020 $a978-88-209-9341-2 040 $aPUL$bita 082 04$a220.7 110 2 $aPontificia Commissione Biblica.$0(OLS)http://pul/name/2794 245 10$aIspirazione e veritą della Sacra Scrittura :$bla parola che viene da Dio e parla di Dio per salvare il mondo /$cPontificia Commissione Biblica. 260 $aCittą del Vaticano :$bLibreria editrice vaticana,$c©2014. 300 $a249 p. ;$c17 cm 490 1 $aDocumenti vaticani 630 04$aBiblia$xCritica e interpretazione.$0(OLS)http://pul/subject/2023 830 0$aDocumenti vaticani.$0(OLS)http://pul/title/138871 850 $aPUL 852 $aPUL$W1$xSL Religione 3$y85$m220. 7 PCB 1$j161114$qDDC 21$B160559$CPULBib$Z2$F160559 $H124509 $82 941 1 $a9 996 $6020$a978-88-209-9341-2$9(OLS)http://pul/number/155876 996 $6082$a220.7$9(OLS)http://pul/classification/1816 996 $6245$aIspirazione e veritą della Sacra Scrittura :$bla parola che viene da Dio e parla di Dio per salvare il mondo$9(OLS)http://pul/title/176573 996 $6260$aCittą del Vaticano :$bLibreria editrice vaticana$9(OLS)http://pul/publisher/47920 LEADER 01530nam a2200325 a 4500 001 000000140908 003 CaOOAMICUS 005 20141212145544.0 008 141212s1972 it u000 u ita r 040 $aPUL$bita 041 0 $aita$alat 245 02$aI documenti di pontefici e legati apostolici nella Biblioteca statale di Cremona :$b(1221-1398) /$c[a cura di] Giovanni Bronzino. 260 $aCremona :$bBollettino storico cremonese,$c1972. 300 $aXI, 126 p. ;$c24 cm 490 1 $aBiblioteca storica cremonese ;$v19 490 1 $aBiblioteca storica cremonese.$aCollana storica ;$v17 500 $aIn testa al front.: Bollettino storico cremonese. 504 $aBibliografia in nota. 546 $aTesti in latino, introduzione in italiano. 650 4$aDocumenti pontifici.$0(OLS)http://pul/subject/16871 700 1 $aBronzino, Giovanni.$0(OLS)http://pul/name/90779 830 0$aBiblioteca storica cremonese.$pCollana storica ;$v17.$0(OLS)http://pul/title/178280 830 0$aBiblioteca storica cremonese ;$v19.$0(OLS)http://pul/title/178281 850 $aPUL 852 $aPUL$W1$xDP1 Fondo Capitani$y116$m3 A 11$j115013$qFondi$B162307$CPULBib$Z2$F162307 $HCap335 $82 941 1 $a1 961 $aDedica autografa dell'A. 996 $6245$aI documenti di pontefici e legati apostolici nella Biblioteca statale di Cremona :$b(1221-1398)$9(OLS)http://pul/title/178279 996 $6260$aCremona :$bBollettino storico cremonese$9(OLS)http://pul/publisher/83038